[Event "Porsgrunn U18"]
[Site "Porsgrunn"]
[Date "1996.??.??"]
[Round "?"]
[White "Jensen, Joachim Berg"]
[Black "Christenson, Flemming"]
[Result "0-1"]
[WhiteElo "1605"]
[BlackElo "2070"]
[PlyCount "44"]
[EventDate "1996.??.??"]
[EventType "swiss"]
[EventRounds "9"]
[EventCountry "NOR"]
[SourceTitle "EXT 2006"]
[Source "ChessBase"]
[SourceDate "2005.11.24"]
[SourceVersion "1"]
[SourceVersionDate "2005.11.24"]
[SourceQuality "1"]

1. d4 Nf6 2. c4 g6 3. Nc3 Bg7 4. e4 d6 5. Nf3 0-0 6. Be2 Nbd7 7. 0-0 e5 8. dxe5 dxe5 9. Bg5 c6 10. Qd2 Qe7 11. Rfd1 Re8 12. Qd6 Qxd6 13. Rxd6 h6 14. Bh4 g5 15. Bg3 Nc5 16. Nd2 a5 17. f3 Nh5 18. Nf1 Ne6 19. Rad1 Nd4 20. f4 Nxe2+ 21. Nxe2 exf4 22. Bf2 Bg4 0-1

[Event "Porsgrunn U18"]
[Site "Porsgrunn"]
[Date "1996.??.??"]
[Round "?"]
[White "Jensen, Joachim Berg"]
[Black "Skare, Karl Andre"]
[Result "0-1"]
[WhiteElo "1605"]
[BlackElo "1675"]
[PlyCount "58"]
[EventDate "1996.??.??"]
[EventType "swiss"]
[EventRounds "9"]
[EventCountry "NOR"]
[SourceTitle "EXT 2006"]
[Source "ChessBase"]
[SourceDate "2005.11.24"]
[SourceVersion "1"]
[SourceVersionDate "2005.11.24"]
[SourceQuality "1"]

1. d4 d5 2. c4 e6 3. Nc3 Nf6 4. Nf3 Nbd7 5. Bg5 c6 6. e3 Qa5 7. a3 Ne4 8. Qc2 Bb4 9. Rc1 Bxc3+ 10. bxc3 Qxa3 11. Bd3 Nxg5 12. Nxg5 h6 13. Nf3 0-0 14. 0-0 Qd6 15. Nd2 e5 16. cxd5 Qxd5 17. f4 exd4 18. exd4 Nf6 19. Nf3 b6 20. Ne5 Bb7 21. Rce1 c5 22. Bc4 Qd6 23. Qg6 Bd5 24. Bxd5 Qxd5 25. Qd3 Rfd8 26. g4 Nd7 27. g5 hxg5 28. fxg5 Nxe5 29. Rxe5 Qxe5 0-1

[Event "Porsgrunn U18"]
[Site "Porsgrunn"]
[Date "1996.??.??"]
[Round "?"]
[White "Lie, Ole Andre"]
[Black "Jensen, Joachim Berg"]
[Result "0-1"]
[WhiteElo "1675"]
[BlackElo "1605"]
[PlyCount "76"]
[EventDate "1996.??.??"]
[EventType "swiss"]
[EventRounds "9"]
[EventCountry "NOR"]
[SourceTitle "EXT 2006"]
[Source "ChessBase"]
[SourceDate "2005.11.24"]
[SourceVersion "1"]
[SourceVersionDate "2005.11.24"]
[SourceQuality "1"]

1. d4 d5 2. e3 Nf6 3. c4 e6 4. Nf3 c6 5. Nc3 Nbd7 6. Bd3 Bd6 7. 0-0 0-0 8. e4 dxe4 9. Nxe4 Nxe4 10. Bxe4 f5 11. Bc2 b6 12. Qe2 Re8 13. Bg5 Qc7 14. Bxf5 Nf8 15. Bc2 Bb7 16. Rac1 Nd7 17. Qd3 Nf6 18. Rfd1 Rad8 19. Qc3 h6 20. Bxf6 gxf6 21. Qd3 f5 22. Qe3 Bf4 23. Qe2 Bxc1 24. Rxc1 Qg7 25. Ba4 Re7 26. Re1 Qg4 27. h3 Qh5 28. c5 b5 29. Bb3 Rde8 30. Qe5 Bc8 31. Qd6 Kh7 32. Qxc6 Bb7 33. Qd6 Bxf3 34. gxf3 Qxh3 35. Rxe6 Rg7+ 36. Qg3 Rxg3+ 37. fxg3 Qxg3+ 38. Kf1 Qxf3+ 0-1